• 首页
  • 本馆介绍
  • 公告通知
  • 最新文献
  • 馆藏检索
  • 电子资源
  • 读者导购
  • 参考咨询
  • 我的图书馆
  • 登录
  • 详细信息显示
  • 放入我的书架
  • 预约/预借图书
  • 作者相关作品
  • 分类相关作品
  • 丛书相关作品
  • 出版社相关作品

书目信息

  • 表格格式
  • 工作单格式
  • 卡片格式
题名:
最小二乘平差近代方法
    
 
作者: 迈塞尔 , Meissl 著 ;同济大学测量系 译
分册:  
出版信息: 北京   测绘出版社  1985
页数: 186页
开本: 26cm
丛书名:
单 册:
中图分类: P207
科图分类:
主题词: 最小二乘法平差
电子资源:
ISBN:
000 00782nam0 2200265 45
001 0185009831
005 20040907150146.3
010    @dCNY2.85
091    @a15039.新361
100    @a19900918d1985 emky0chiy0121 ea
101 1  @achi@beng@cger
102    @aCN@b110000
105    @ay z 000yy
106    @ar
200 10 @a最小二乘平差近代方法@Azui xiao er cheng ping cha jin dai fang fa@f(奥)迈塞尔(Meissl,P.)著@g同济大学测量系译
210    @a北京@c测绘出版社@d1985
215    @a186页@d26cm
606    @a最小二乘法平差
690    @aP207@v3
701  1 @a迈塞尔@Amai sai er@bP.@4著
701 A1 @aMeissl@bP.@4著
712 02 @a同济大学测量系@Atong ji da xue ce liang xi@4译
801  0 @aCN@b深圳图书馆@c20040520
801  2 @aCN@bNLC@c20040520
905    @dP207@e35@f1@b141761
    
    最小二乘平差近代方法/(奥)迈塞尔(Meissl,P.)著/同济大学测量系译.-北京:测绘出版社,1985
    186页;26cm
    
    
    ISBN :CNY2.85
    
●
相关链接 在E读中查询图书 在五车中查询图书 在当当中查询图书 在豆瓣中查询图书


正题名:最小二乘平差近代方法     索取号:P207/35         预约/预借

序号 登录号 条形码 馆藏地/架位号 状态 备注
1 0141760   000625773   第三借阅区/ [索取号:P207/35] 在馆    
2 0141761   000625764   第三借阅区/ [索取号:P207/35] 在馆    
3 0141762   202105747   第二样本阅览室/ [索取号:P207/35] 在馆    
唐山师范学院图书馆 欢迎您!
大连网信软件有限公司© 版权所有